000 00473nam a2200145Ia 4500
008 220217s9999 xx 000 0 und d
100 _aVarghese Thomas, K.
245 0 _aIsolation and cloning of a novel rubber elongation factor like gene from Hevea brasiliensis
260 _bCochin University of Science and Technology
_a Kochi
_c2009
300 _a43
500 _aAvailable at Biotechnology
500 _aCourse: M.Sc.
700 _aDr A Thulaseedharan
942 _cTS
999 _c74238
_d74238